Normal view
MARC view
- Tuplin, William Alfred
Entry Personal Name
001 - CONTROL NUMBER
- control field: 42072
003 - CONTROL NUMBER IDENTIFIER
- control field: NUST
005 - DATE AND TIME OF LATEST TRANSACTION
- control field: 20210314132215.0
008 - FIXED-LENGTH DATA ELEMENTS
- fixed length control field: 210314|| aca||aabn | a|a d
040 ## - CATALOGING SOURCE
- Original cataloging agency: NUST
- Transcribing agency: NUST
100 ## - HEADING--PERSONAL NAME
- Personal name: Tuplin, William Alfred
670 ## - SOURCE DATA FOUND
- Source citation: Work cat.: (NUST): Camm, F. J. 41027, Gears and gear-cutting ;, 1941.
